000 00714nam 22002293 4500
001 202133
010 _a972-29-0214-8
021 _aPT
_b65127/93
090 _a202133
100 _a20241118d u||y0pory50 ba
101 _apor
200 _aAs cruzadas vistas pelos árabes
_fAmin Maalouf
_gtradução de Geminiano Cascais Franco; revisão de Marcelino Amaral
205 _a
210 _aLisboa
_cEdições 70
_d2013
215 _a308, [4] p.
_cBrochado
_d24 cm
300 _aRomance histórico
606 _99395
_aLiteratura Libanesa
_xEm Língua Francesa
675 _a821.133.1(569.3)-3
_vPT
_zpor
700 _92409
_aMaalouf
_bAmin
_f1943-
801 _aPT
_bBMMN
_gRPC
830 _cFernando
_fFernando
990 _cLIVROS